Fundamentals of structural analysis

保存先:
書誌詳細
第一著者: West, Harry H.
フォーマット: 図書
言語:Undetermined
出版事項: John Wiley & Sons, Inc 2002
主題:
タグ: タグ追加
タグなし, このレコードへの初めてのタグを付けませんか!
Thư viện lưu trữ: Trung tâm Học liệu Trường Đại học Cần Thơ
LEADER 00499nam a2200169Ia 4500
001 CTU_122340
008 210402s9999 xx 000 0 und d
082 |a 624.171 
082 |b W516 
100 |a West, Harry H. 
245 0 |a Fundamentals of structural analysis 
245 0 |c Harry H. West, Louris F. Geschwinder 
260 |b John Wiley & Sons, Inc 
260 |c 2002 
650 |a Structural analysis (Engineering) 
904 |i M.Loan 
980 |a Trung tâm Học liệu Trường Đại học Cần Thơ